Sports Quiz

Random Sports or Basketball Quiz

NBA PLAYOFFS TOP 101 HIGHEST PPG AVERAGE Quiz Stats

 Plays Quiz not verified by Sporcle

Challenge
Share
Tweet
Embed
Score 0/101 Timer 13:00
0 Plays Today
PPG PLAYER % Correct
33.45MICHAEL JORDAN
97.9%
19.30KEVIN JOHNSON
92.4%
19.48MAGIC JOHNSON
90.5%
22.54WILT CHAMBERLAIN
89.8%
23.76LARRY BIRD
89.2%
21.54MARQUES JOHNSON
88.4%
29.13JERRY WEST
88.2%
28.53TRACY MCGRADY
88.1%
24.67KARL MALONE
88.1%
22.10MOSES MALONE
87.7%
25.92DIRK NOWITZKI
85.7%
17.35STEVE NASH
85.7%
25.87DWAYNE WADE
85.5%
24.65CARMELO ANTHONY
84.9%
28.02LEBRON JAMES
84.5%
18.06DAVID ROBINSON
84.5%
29.73ALLEN IVERSON
84%
25.45BOB PETTIT
83.3%
25.90HAKEEM OLAJUWON
82.5%
20.24PATRICK EWING
81.8%
19.46GUS WILLIAMS
81.4%
18.78TONY PARKER
79.8%
20.64REGGIE MILLER
78.8%
23.03CHARLES BARKLEY
78.2%
25.38KOBE BRYANT
77.6%
23.27VINCE CARTER
76.7%
20.37ISIAH THOMAS
76.2%
18.83KEVIN MCHALE
75.1%
23.50AMARE STOUDEMIRE
73.4%
20.43CLYDE DREXLER
73.2%
27.04ELGIN BAYLOR
72.7%
21.90JULIUS ERVING
72.7%
21.95JOHN HAVLICEK
72.5%
17.41WILLIS REED
72.5%
PPG PLAYER % Correct
21.50JO JO WHITE
72.4%
16.45MANU GINOBILI
71.9%
21.13JAMES WORTHY
70.8%
17.31DENNIS JOHNSON
70.8%
24.43ALEX ENGLISH
70.5%
22.21OSCAR ROBERTSON
70.4%
19.79TOM HEINSOHN
70%
18.89SAM JONES
69.8%
19.88DWIGHT HOWARD
69.5%
22.89BOB LOVE
69.1%
18.51BOB COUSY
68.8%
24.31KAREEM ABDUL-JABBAR
67.4%
18.69CHRIS WEBBER
66.2%
17.92PAU GASOL
65.9%
22.67TIM DUNCAN
65.3%
19.60KEVIN GARNETT
62.9%
17.71NORM NIXON
62.7%
26.98GEORGE GERVIN
62.6%
19.45DOLPH SCHAYES
61.7%
25.41DOMINIQUE WILKINS
60.6%
24.31SHAQ O'NEAL
60.2%
18.25CHET WALKER
59.1%
20.38AFRERNEE HARDAWAY
58.7%
18.59WALTER DAVIS
58.4%
20.72WALT FRAZIER
56.3%
19.44RAY ALLEN
55.4%
16.29BAILEY HOWELL
55.4%
24.00GEORGE MIKAN
54.6%
21.37PAUL PIERCE
54.6%
20.56RICHARD HAMILTON
54.5%
24.77RICK BARRY
54.3%
16.20BILL RUSSELL
50.6%
19.27ALLAN HOUSTON
49.8%
21.34ADRIAN DANTLEY
48.7%
PPG PLAYER % Correct
18.28BOB MCADOO
44.4%
17.94EARL MONROE
43%
18.23CARLOS BOOZER
42.9%
17.42ANDREW TONEY
42.8%
16.11JAMAL WILKES
41.5%
18.92DAVE COWENS
40.8%
17.51SCOTTIE PIPPEN
39.5%
16.07KIKI VANDEWEGHE
39.4%
17.00JASON TERRY
39.2%
17.30SHAWN KEMP
39%
22.85ELVIN HAYES
38.3%
15.85ARCHIE CLARK
37.2%
17.00ZELMO BEATY
33.1%
19.72LATRELL SPREWELL
33%
24.20PAUL ARIZIN
32.6%
20.39HAL GREER
32.5%
18.57BOB LANIER
32.2%
17.78CHAUNCEY BILLUPS
30.9%
18.12GAIL GOODRICH
27.9%
16.00DAVE DEBUSSCHERE
27.6%
16.09ANTOINE WALKER
27.1%
18.54BILL SHARMAN
25.2%
19.42DAN ISSEL
22.6%
16.11LENNY WILKENS
21.6%
16.09ROLANDO BLACKMAN
21.3%
16.88RASHARD LEWIS
19.2%
15.99SIDNEY MONCRIEF
18.8%
17.13MARK AGUIRRE
16.5%
20.07BOB DANDRIDGE
16.2%
21.31LOU HUDSON
15.2%
20.38CLIFF HAGAN
13.6%
16.58JIM MCMILLIAN
5.6%
18.13PHIL CHENIER
5.5%

You're not logged in!

Compare scores with friends on all Sporcle quizzes.
Join for Free
OR
Log In

You Might Also Like...

Show Comments

Extras

Top Quizzes Today


Score Distribution

Your Account Isn't Verified!

In order to create a playlist on Sporcle, you need to verify the email address you used during registration. Go to your Sporcle Settings to finish the process.

Report this User

Report this user for behavior that violates our Community Guidelines.

Details: